[Event "Steyr Landesliga 2122"]
[Site "Austria"]
[Date "2022.03.19"]
[Round "4.3"]
[White "Alvir, Aco"]
[Black "Toller, Maximilian"]
[Result "1-0"]
[WhiteElo "2344"]
[BlackElo "2007"]
[PlyCount "91"]
[EventDate "2021.10.16"]
[EventType "team-tourn"]
[EventRounds "11"]
[EventCountry "AUT"]
[SourceTitle "EXT 2023"]
[Source "ChessBase"]
[SourceDate "2022.10.05"]
[SourceVersion "1"]
[SourceVersionDate "2022.10.05"]
[SourceQuality "1"]
[WhiteTeam "Voitsberg"]
[BlackTeam "Graz Schachfreunde"]
[WhiteTeamCountry "AUT"]
[BlackTeamCountry "AUT"]

1. e4 c6 2. Nc3 d5 3. Qe2 d4 4. Nb1 e5 5. d3 c5 6. f4 Nc6 7. Nf3 f6 8. g3 Bd6 9. Bg2 Nge7 10. 0-0 Be6 11. fxe5 Nxe5 12. Nxe5 Bxe5 13. Bh3 Bf7 14. Nd2 0-0 15. Nf3 Nc6 16. Nxe5 Nxe5 17. Bf4 Qe7 18. b3 b5 19. Qd2 Nc6 20. Qg2 c4 21. Bf5 a5 22. Qh3 g6 23. Bd7 Ra6 24. a4 bxa4 25. bxc4 Nb4 26. Bb5 Raa8 27. Rxa4 Nxc2 28. Bd2 Nb4 29. g4 Be6 30. Qg3 Qc5 31. Bf4 Rf7 32. Bd6 Qc8 33. h3 Nc2 34. Rc1 Ne3 35. Bf4 Qc5 36. Rca1 Rfa7 37. Bb8 Rf7 38. Bd6 Qg5 39. R1a2 h5 40. h4 Qxg4 41. Qxg4 hxg4 42. Rxa5 Rxa5 43. Rxa5 f5 44. Ra8+ Kh7 45. Be5 g5 46. Rh8+ 1-0

[Event "Steyr Landesliga 1920"]
[Site "Austria"]
[Date "2019.10.05"]
[Round "2.4"]
[White "Riedner, Martin"]
[Black "Toller, Maximilian"]
[Result "1/2-1/2"]
[WhiteElo "2058"]
[BlackElo "2076"]
[PlyCount "37"]
[EventDate "2019.09.28"]
[EventType "team-tourn"]
[EventRounds "11"]
[EventCountry "AUT"]
[SourceTitle "CBM 193 Extra"]
[Source "ChessBase"]
[SourceDate "2020.01.31"]
[SourceVersion "1"]
[SourceVersionDate "2020.01.31"]
[SourceQuality "1"]
[WhiteTeam "Gamlitz"]
[BlackTeam "Graz Schachfreunde"]
[WhiteTeamCountry "AUT"]
[BlackTeamCountry "AUT"]

1. c4 c5 2. Nf3 Nf6 3. d4 cxd4 4. Nxd4 b6 5. Nc3 Bb7 6. Qd3 Na6 7. f3 e5 8. Nc2 d5 9. cxd5 Nxd5 10. Nxd5 Qxd5 11. Qxd5 Bxd5 12. e4 Nb4 13. Bb5+ Bc6 14. Bxc6+ Nxc6 15. Be3 Nb4 16. Nxb4 Bxb4+ 17. Ke2 Ke7 18. Rac1 Rac8 19. Rhd1 1/2-1/2

[Event "Steyr Landesliga 1920"]
[Site "Austria"]
[Date "2019.09.28"]
[Round "1.3"]
[White "Goessler, Markus"]
[Black "Toller, Maximilian"]
[Result "1-0"]
[WhiteElo "2145"]
[BlackElo "2076"]
[PlyCount "129"]
[EventDate "2019.09.28"]
[EventType "team-tourn"]
[EventRounds "11"]
[EventCountry "AUT"]
[SourceTitle "CBM 193 Extra"]
[Source "ChessBase"]
[SourceDate "2020.01.31"]
[SourceVersion "1"]
[SourceVersionDate "2020.01.31"]
[SourceQuality "1"]
[WhiteTeam "Baernbach"]
[BlackTeam "Graz Schachfreunde"]
[WhiteTeamCountry "AUT"]
[BlackTeamCountry "AUT"]

1. e4 e6 2. d4 d5 3. Nd2 Nc6 4. Ngf3 Nf6 5. e5 Nd7 6. Nb3 f6 7. exf6 Qxf6 8. Bb5 Bd6 9. 0-0 0-0 10. c3 a6 11. Be2 Ne7 12. Bg5 Qf7 13. Bxe7 Qxe7 14. Nc1 c6 15. Nd3 e5 16. dxe5 Nxe5 17. Nfxe5 Bxe5 18. Nxe5 Qxe5 19. Qd2 Bf5 20. Rfe1 Qf6 21. Bf3 Rad8 22. Rad1 Rfe8 23. Qf4 Bc2 24. Qxf6 gxf6 25. Rc1 Kf7 26. g3 Rxe1+ 27. Rxe1 c5 28. Rc1 Be4 29. Bd1 Ke6 30. f3 Bd3 31. Kf2 Kd6 32. Be2 Bg6 33. Rd1 Kc6 34. Ke3 Re8+ 35. Kd2 b5 36. Bd3 d4 37. cxd4 cxd4 38. Rc1+ Kd5 39. Be2 Re6 40. a4 Rb6 41. a5 Re6 42. Rc8 Re3 43. Rd8+ Kc5 44. b4+ Kc6 45. Rxd4 Rb3 46. h4 h5 47. g4 Be8 48. Bd3 Rb2+ 49. Ke3 Rh2 50. g5 fxg5 51. hxg5 h4 52. f4 Rh3+ 53. Ke4 Rg3 54. Ke5 h3 55. Be4+ Kc7 56. Rd2 Re3 57. Kd4 Rb3 58. f5 Rxb4+ 59. Ke5 Bc6 60. Bxc6 Kxc6 61. f6 Rg4 62. f7 Rxg5+ 63. Kf6 Rg2 64. f8Q Rxd2 65. Qc8+ 1-0

[Event "Steyr Landesliga 1819"]
[Site "Austria"]
[Date "2019.04.06"]
[Round "11.3"]
[White "Toller, Maximilian"]
[Black "Benda, Herbert"]
[Result "1-0"]
[WhiteElo "2031"]
[BlackElo "2284"]
[PlyCount "137"]
[EventDate "2018.10.06"]
[EventType "team-tourn"]
[EventRounds "11"]
[EventCountry "AUT"]
[SourceTitle "EXT 2021"]
[Source "ChessBase"]
[SourceDate "2020.10.23"]
[SourceVersion "1"]
[SourceVersionDate "2020.10.23"]
[SourceQuality "1"]
[WhiteTeam "Graz Schachfreunde"]
[BlackTeam "Leibnitz"]
[WhiteTeamCountry "AUT"]
[BlackTeamCountry "AUT"]

1. e4 c5 2. Nf3 d6 3. d4 cxd4 4. Nxd4 Nf6 5. Nc3 a6 6. Be3 e5 7. Nb3 Be6 8. Be2 Be7 9. 0-0 0-0 10. f4 exf4 11. Rxf4 Nc6 12. Nd5 Ne5 13. Bb6 Qd7 14. Qd4 Nxd5 15. exd5 Bf5 16. c3 Bg5 17. Rff1 Rfe8 18. Qf2 Be4 19. Rad1 Rac8 20. Qg3 Bh6 21. Na5 f5 22. c4 f4 23. Qc3 Qf7 24. Bf3 Bf5 25. Rfe1 Bg5 26. b4 Bf6 27. Bd4 Qg6 28. Kh1 Nxf3 29. gxf3 Bh3 30. Rg1 Bxd4 31. Qxd4 Qf7 32. c5 Re2 33. Nc4 Rc7 34. Nxd6 Qh5 35. Qxf4 Rce7 36. Ne4 Bg2+ 37. Rxg2 R2xe4 38. Qg3 Rxb4 39. d6 Rd7 40. Qe1 Rf4 41. Qe6+ Qf7 42. Qxf7+ Kxf7 43. Rb2 Ke6 44. Re2+ Kf6 45. Rde1 Rc4 46. Re6+ Kf5 47. R1e5+ Kf4 48. Re4+ Kf5 49. Re7 Rc1+ 50. Kg2 Rd8 51. R4e5+ Kf6 52. Kg3 h6 53. Kg4 Rg1+ 54. Kf4 g5+ 55. Ke4 Re1+ 56. Kd4 Rd1+ 57. Kc4 Rc1+ 58. Kb3 Rb1+ 59. Kc2 Ra1 60. R5e6+ Kf5 61. Rxh6 Rxa2+ 62. Kc3 Ra1 63. Rxb7 Rc1+ 64. Kd4 Rd1+ 65. Kc4 a5 66. c6 a4 67. c7 Rc8 68. Rb8 Rc1+ 69. Kd5 1-0

[Event "Steyr Landesliga 1819"]
[Site "Austria"]
[Date "2019.03.23"]
[Round "10.4"]
[White "Toller, Maximilian"]
[Black "Wegerer, Fred"]
[Result "0-1"]
[WhiteElo "2031"]
[BlackElo "2142"]
[PlyCount "64"]
[EventDate "2018.10.06"]
[EventType "team-tourn"]
[EventRounds "11"]
[EventCountry "AUT"]
[SourceTitle "CBM 189 Extra"]
[Source "ChessBase"]
[SourceDate "2019.06.03"]
[SourceVersion "1"]
[SourceVersionDate "2019.06.03"]
[SourceQuality "1"]
[WhiteTeam "Graz Schachfreunde"]
[BlackTeam "Graz Austria"]
[WhiteTeamCountry "AUT"]
[BlackTeamCountry "AUT"]

1. e4 g6 2. d4 Bg7 3. Nc3 c6 4. Nf3 d5 5. Be2 a6 6. a4 Bg4 7. Be3 e6 8. 0-0 Nd7 9. a5 Ne7 10. Qd2 h6 11. h3 Bxf3 12. Bxf3 g5 13. Qd3 0-0 14. Ne2 f5 15. exf5 exf5 16. c4 Nf6 17. Nc3 Qd6 18. Bd1 Rad8 19. Bc2 g4 20. g3 gxh3 21. Bf4 Qe6 22. b3 Ne4 23. Ne2 Ng6 24. Rae1 Qf6 25. Bc7 Rd7 26. Bb6 Qg5 27. Kh2 f4 28. Rg1 fxg3+ 29. Nxg3 Rxf2+ 30. Kh1 Qf4 31. Bd1 Rg2 32. Nf1 Nf2# 0-1

[Event "Steyr Landesliga 1718"]
[Site "Austria"]
[Date "2017.11.18"]
[Round "5.6"]
[White "Toller, Maximilian"]
[Black "Sepetavc, Walter"]
[Result "0-1"]
[WhiteElo "2033"]
[BlackElo "1888"]
[PlyCount "86"]
[EventDate "2017.09.30"]
[EventType "team-tourn"]
[EventRounds "11"]
[EventCountry "AUT"]
[SourceTitle "EXT 2019"]
[Source "ChessBase"]
[SourceDate "2018.10.10"]
[SourceVersion "1"]
[SourceVersionDate "2018.10.10"]
[SourceQuality "1"]
[WhiteTeam "Graz Schachfreunde II"]
[BlackTeam "Soechau"]
[WhiteTeamCountry "AUT"]
[BlackTeamCountry "AUT"]

1. Nf3 c5 2. e3 d5 3. d4 Nf6 4. c4 e6 5. Nc3 Nc6 6. a3 cxd4 7. exd4 Be7 8. cxd5 Nxd5 9. Bc4 Nxc3 10. bxc3 0-0 11. 0-0 a6 12. Re1 b5 13. Bb3 Bf6 14. Qd3 Bb7 15. Bf4 Rc8 16. Re3 g6 17. Rae1 Ne7 18. Bh6 Bg7 19. Bg5 Bxf3 20. gxf3 Qc7 21. Rxe6 Nf5 22. Rxa6 Qxc3 23. Qxc3 Rxc3 24. Bd5 Nxd4 25. Kg2 Nf5 26. Rb1 h6 27. Bf4 Nh4+ 28. Kg3 Nf5+ 29. Kh3 g5 30. Kg4 Rc5 31. Be4 gxf4 32. Bxf5 Rd8 33. Be4 f5+ 34. Bxf5 h5+ 35. Kxf4 Rf8 36. Ke4 Rfxf5 37. Rb6 Rce5+ 38. Kd3 Rxf3+ 39. Kd2 Rxf2+ 40. Kd3 Rff5 41. Rg1 Rg5 42. Rb1 Rd5+ 43. Ke3 Bd4+ 0-1

[Event "Steyr Landesliga 1718"]
[Site "Austria"]
[Date "2017.11.11"]
[Round "4.8"]
[White "Toller, Maximilian"]
[Black "Weissensteiner, Lukas"]
[Result "1-0"]
[WhiteElo "2033"]
[BlackElo "1902"]
[PlyCount "89"]
[EventDate "2017.09.30"]
[EventType "team-tourn"]
[EventRounds "11"]
[EventCountry "AUT"]
[SourceTitle "EXT 2019"]
[Source "ChessBase"]
[SourceDate "2018.10.10"]
[SourceVersion "1"]
[SourceVersionDate "2018.10.10"]
[SourceQuality "1"]
[WhiteTeam "Graz Schachfreunde II"]
[BlackTeam "Frauental Strassenbahn"]
[WhiteTeamCountry "AUT"]
[BlackTeamCountry "AUT"]

1. Nf3 Nf6 2. c4 e6 3. e3 c5 4. d4 a6 5. Nc3 cxd4 6. exd4 d5 7. c5 Nc6 8. Bf4 Nh5 9. Be3 Qc7 10. a3 Be7 11. b4 0-0 12. Qd2 Rd8 13. Be2 e5 14. dxe5 d4 15. Nxd4 Qxe5 16. Rd1 Bg4 17. 0-0 Nf6 18. Nxc6 bxc6 19. Qc2 Bf5 20. Qc1 Ng4 21. Bf4 Qf6 22. Bf3 Ne5 23. Bxe5 Qxe5 24. Bxc6 Rac8 25. Bb7 Rb8 26. Bf3 Be6 27. Qe3 Qxe3 28. fxe3 Rxd1 29. Rxd1 a5 30. Rb1 axb4 31. axb4 Kf8 32. Na4 Bf5 33. e4 Bd7 34. Nb6 Ke8 35. Kf2 Bd8 36. Nd5 Bc6 37. Ke3 Ba5 38. Kd4 Bxd5 39. exd5 Rxb4+ 40. Rxb4 Bxb4 41. d6 Kd7 42. Kd5 Ba5 43. Bd1 Kd8 44. Ba4 Bb4 45. c6 1-0